000 00453nam a2200157Ia 4500
008 230711s9999||||xx |||||||||||||| ||und||
041 _aENG
082 _a621
_bPR-D
100 _aProakis,G.Johan
245 0 _aDigital Signal Processing: Principles, Algorithms, and Applications
250 _a3rd . Ed.
260 _c2002
_aNew Delhi
_bPHI Learning Private Limited
650 _aElectronics Engineering
700 _aManolakis,G.Dimitris
942 _cBK
999 _c4117
_d4117